शापित सौंदर्यभूमी पूर्वांचल (Record no. 1252240)

MARC details
000 -LEADER
fixed length control field 00753nam a2200193Ia 4500
008 - FIXED-LENGTH DATA ELEMENTS--GENERAL INFORMATION
fixed length control field 151121s9999||||xx |||||||||||||| ||und||
082 ## - DEWEY DECIMAL CLASSIFICATION NUMBER
Classification number 910/ देसाई
082 ## - DEWEY DECIMAL CLASSIFICATION NUMBER
Item number HNW-70767
100 ## - MAIN ENTRY--PERSONAL NAME
Personal name देसाई जयश्री
245 ## - TITLE STATEMENT
Title शापित सौंदर्यभूमी पूर्वांचल
260 ## - PUBLICATION, DISTRIBUTION, ETC. (IMPRINT)
Name of publisher, distributor, etc "चंद्रकला प्रकाशन, पुणे।"
260 ## - PUBLICATION, DISTRIBUTION, ETC. (IMPRINT)
Date of publication, distribution, etc --
300 ## - PHYSICAL DESCRIPTION
Extent 127
600 ## - SUBJECT ADDED ENTRY--PERSONAL NAME
Personal name देसाई जयश्री
630 ## - SUBJECT ADDED ENTRY--UNIFORM TITLE
Uniform title शापित सौंदर्यभूमी पूर्वांचल
700 ## - ADDED ENTRY--PERSONAL NAME
Personal name देसाई जयश्री
730 ## - ADDED ENTRY--UNIFORM TITLE
Uniform title शापित सौंदर्यभूमी पूर्वांचल
942 ## - ADDED ENTRY ELEMENTS (KOHA)
Koha item type Book
Holdings
Withdrawn status Lost status Damaged status Not for loan Home library Current library Date acquired Cost, normal purchase price Total Checkouts Full call number Barcode Date last seen Cost, replacement price Price effective from Koha item type
        Hirachand Nemchand Wachanalaya, Solapur Hirachand Nemchand Wachanalaya, Solapur 11/21/2015 80.00   HNW-70767 HNW-70767 11/21/2015 80.00 11/21/2015 Book